Neidio i'r cynnwys

Совмещенные и комбинированные технологии в литейном производстве Учебное пособие

Рассмотрены принципиальные схемы и конструкции основных узлов установок совмещенного непрерывного литья и обработки металлов давлением области их применения. Предназначено студентам направлений 22.04.02 «Металлургия» 22.04.02.07 «Теория и технология литейного производства цветных металлов и сплавов»...

Disgrifiad llawn

Wedi'i Gadw mewn:
Manylion Llyfryddiaeth
Prif Awdur: Беляев С.В
Fformat: Учебное пособие
Mynediad Ar-lein:https://znanium.com/catalog/document?id=432932
https://znanium.com/cover/2091/2091401.jpg
Tagiau: Ychwanegu Tag
Dim Tagiau, Byddwch y cyntaf i dagio'r cofnod hwn!
LEADER 02510nam0a2200301 i 4500
001 RU\infra-m\znanium\bibl\2091401
003 https://znanium.com/catalog/document?id=432932
005 20230728000000.0
010 |a 978-5-7638-4664-5 
100 |a 20230728d2023 m y0rusy0150 ca 
101 0 |a rus 
102 |a RU 
200 1 |a Совмещенные и комбинированные технологии в литейном производстве  |e Учебное пособие  |f Сибирский федеральный университет 
210 1 |a Красноярск  |c Сибирский федеральный университет  |d 2023 
215 |a 140 с. 
330 |a Рассмотрены принципиальные схемы и конструкции основных узлов установок совмещенного непрерывного литья и обработки металлов давлением области их применения. Предназначено студентам направлений 22.04.02 «Металлургия» 22.04.02.07 «Теория и технология литейного производства цветных металлов и сплавов» обучающимся по программе магистров а также аспирантам специальности 2.6.3 «Литейное производство». 
333 |a ВО - Бакалавриат 
606 |a Промышленность. Энергетика  |x Металлургия. Литейное производство  |2 local 
608 |a Учебное пособие  |2 local 
675 |a 669  |z rus 
686 |a 343  |2 rubbk 
686 |a 22.04.02  |2 okso 
700 1 |a Беляев  |b С.В.  |g Сергей Владимирович  |p Сибирский федеральный университет 
701 1 |a Баранов  |b В.Н.  |g Владимир Николаевич  |p Сибирский федеральный университет 
701 1 |a Лесив  |b Е.М.  |g Елена Михайловна  |p Сибирский федеральный университет 
801 0 |a RU  |b Общество с ограниченной ответственностью «ЗНАНИУМ»  |c 20230727  |2 rusmarc 
856 4 |a znanium.com  |m ebs_support@infra-m.ru  |n НИЦ ИНФРА-М  |u https://znanium.com/catalog/document?id=432932 
856 4 1 |a znanium.com  |d /cover/2091  |f 2091401.jpg  |q image/jpeg  |u https://znanium.com/cover/2091/2091401.jpg